Introducción a los métodos y técnicas para la investigación en psicología evolutiva /

Salvato in:
Dettagli Bibliografici
Altri autori: Amorín, David (dir.) Direttore
Natura: Libro
Lingua:spagnolo
Pubblicazione: Montevideo, Uruguay : Psicolibros Waslala, 2009, c2009
Serie:(Cuadernos de Psicología Evolutiva ; 2)
Soggetti:
Tags: Aggiungi Tag
Nessun Tag, puoi essere il primo ad aggiungerne!!

MARC

LEADER 00000nam^a2200000^a^4500
001 000294721
005 20250521000000.0
009 20260310112215.968
020 |a 978-9974-682-05-4 
037 |a Acervo ITESO - Biblioteca 
041 |a ESP 
082 |a 155.  |b AMO 
100 |a Amorín, David  |e (dir.) 
245 1 0 |a Introducción a los métodos y técnicas para la investigación en psicología evolutiva /  |c Dir. e introd. de D. Amorín. 
264 4 |a Montevideo, Uruguay :  |b Psicolibros Waslala,  |c 2009, c2009 
300 |a 103 p. 
336 |a texto  |b txt  |2 rdacontenido 
337 |a sin mediación  |b n  |2 rdamedio 
338 |a volumen  |b nc  |2 rdasoporte 
440 1 |a (Cuadernos de Psicología Evolutiva ;  |v 2) 
649 |a XX 
650 |a Psicólogos Suizos 
650 |a Juegos 
650 |a Observación 
650 |a Estructuralismo Genético 
650 |a Psicología Evolutiva -  |x Investigación -  |x Tema Principal 
650 |a Psicología Evolutiva -  |x Teoría 
910 |a Fondo General 
920 |a Impresos - Libros 
930 |a Colección General 
905 |a 101 
901 |a 0500180382  |b IT1  |c ACC  |u 20250521 
902 |a https://opac.biblio.iteso.mx/vufind/Record/000294721